000 00721nam a2200289Ia 4500
005 20260324134202.0
008 008 260324s9999 xx 000 0 eng d
020 _a9780203165744
037 _aEBOOK
040 _aCRL
040 _beng
040 _cCRL
041 _2eng
041 _aeng
084 _qCRL
100 _aJohn Schofield; Colleen M. Beck; William Gray Johnson
_91195896
245 0 _aMatériel Culture
245 4 _bThe Archaeology of Twentieth-Century Conflict
260 _bTaylor and Francis
260 _c2002
365 _a
365 _b240
856 _uhttp://www.taylorfrancis.com/books/9780203165744
942 _cEBOOK
999 _c1795682
_d1795682